000 00419pab a2200157 454500
008 180718b2001 xxu||||| |||| 00| 0 eng d
100 _aGenesove, David
245 _aLoss aversion and seller behaviour evidence from the housing market
260 _c2001
300 _ap.1233-260
362 _aNov
650 _aHousing
700 _aMayer, Christopher
773 _aQuarterly Journal of Economics
909 _a50685
999 _c50685
_d50685